00381nam a2200145Ia 4500003000400000005001700004008004100021020001500062040000900077082002200086100003000108245005000138260003800188300000900226OSt20200625114325.0190216s9999||||xx |||||||||||||| ||und|| a0861319141 coclc a954.035092bAZA/I a Azad, Maulana Abul Kalam 0aIndia Wins Freedom /cMaulana Abul Kalam Azad bOrient Longman,c1988.aHyderbad: a283p